| 000 | 00616cam a2200169ua 4500 | ||
|---|---|---|---|
| 041 |
_aeng _h |
||
| 082 |
_a823.301 _bOXF/NI |
||
| 110 | 1 |
_aOxford university press . _b _c() |
|
| 245 | 0 | 0 | _aNine fables |
| 250 |
_a1 / _b. |
||
| 260 |
_aLondon : _bOxford University Press , _c1962. |
||
| 300 | _a32 ; . | ||
| 504 | _a | ||
| 942 | _cBK | ||
| 999 |
_c12694 _d12694 |
||